000 00347nam a22001217a 4500
008 180607b xxu||||| |||| 00| 0 eng d
041 _aeng
080 _a043.3
100 _a0
101 _aMBE-BA
245 _aDiagnostifikimi Statistikor i variablave Makroekonomike - Statistikat e Importit dhe Eksportit te Mallrave
_cGara, B
942 _2udc
_cBK
999 _c46578
_d46578